Topics in algebra : a selection for sixth forms

Αποθηκεύτηκε σε:
Λεπτομέρειες βιβλιογραφικής εγγραφής
Κύριος συγγραφέας: Perfect, Hazel
Μορφή: Βιβλίο
Γλώσσα:English
Δημοσίευση: Oxford : Pergamon Press, 1966
Σειρά:Commonwealth and international library of scince, technology, engineering and liberal studies. Mathematics division
Θέματα:
Ετικέτες: Προσθήκη ετικέτας
Δεν υπάρχουν, Καταχωρήστε ετικέτα πρώτοι!

MARC

LEADER 00000cam a2200000 i 4500
001 1/5262
008 100304s1966 eng d
035 |l 10107100 
040 |a GR-MY-UA  |b gre  |e aacr 
041 0 |a eng 
082 0 |a 512  |2 (22) 
100 1 |a Perfect, Hazel. 
245 1 0 |a Topics in algebra :  |b a selection for sixth forms /  |c by Hazel Perfect 
260 |a Oxford :   |b Pergamon Press,   |c 1966 
300 |a 203 σ.;  |b διαγρ.;  |c 20 εκ. 
490 1 |a The Commonwealth and international library of science, technology, engineering and liberal studies 
504 |a Περιέχει βιβλιογραφία και ευρετήριο. 
650 0 0 |a Algebra. 
830 0 |a Commonwealth and international library of scince, technology, engineering and liberal studies. Mathematics division 
852 |a INST  |b SAMOS  |c MAG  |e 20100304  |h 512 PER  |p 005300032245  |q 005300032245  |t BK  |y 0 
901 |a BIBL3-2010-1 
909 |a Σ  |b 161976 
970 |a ΣΙΤΖΙΜΗ  |b ΓΙΑΣΕΜΗ  |z 2010/03/04